000
00255nam a2200109Ia 4500
008
190216s9999||||xx |||||||||||||| ||und||
100
_a
Nambiar M C K
245
0
_a
Essentials Of Business Management
260
_b
S Chand & Co
300
_a
451p
942
_c
BK
999
_c
5952
_d
5952